000 00471nam a2200181Ia 4500
005 20250508152350.0
008 008 250505s9999 xx 000 0 hin d
037 _aTextual
040 _aFEDL
_beng
_cFEDL
041 _ahin
_2eng
084 _a962, RAJ
_qFEDL
100 _aRaj Kumar
245 0 _aSwerj nehar
260 _aVaranasi, India
_bHindi Pracharak Pustakalya
_c1957
300 _a156p
942 _cTEXL
_h962, RAJ
999 _c1335945
_d1335945